Marxismo y democracia (Record no. 86117)

MARC details
000 -LEADER
campo de control de longitud fija 01058nam a2200241 i 4500
001 - NÚMERO DE CONTROL
campo de control 86117
003 - IDENTIFICADOR DE NÚMERO DE CONTROL
campo de control ES-MaACL
005 - FECHA Y HORA DE LA ÚLTIMA TRANSACCIÓN
campo de control 20250728043239.0
007 - CAMPO FIJO DE DESCRIPCIÓN FÍSICA--INFORMACIÓN GENERAL
campo de control de longitud fija t|
008 - DATOS DE LONGITUD FIJA--INFORMACIÓN GENERAL
campo de control de longitud fija 041207q1975 sp ||||1| spa d
100 1# - ENTRADA PRINCIPAL--NOMBRE DE PERSONA
Nombre de persona Kernig, C. D.
9 (RLIN) 67920
245 10 - MENCIÓN DEL TÍTULO
Título Marxismo y democracia
Resto del título : [enciclopedia de conceptos básicos] /
Mención de responsabilidad, etc. dirección, C.D. Kernig.
260 ## - PUBLICACIÓN, DISTRIBUCIÓN, ETC.
Lugar de publicación, distribución, etc. [Madrid] :
Nombre del editor, distribuidor, etc. Rioduero,
Fecha de publicación, distribución, etc. [1975-]
300 ## - DESCRIPCIÓN FÍSICA
Extensión 1 tom. en 4 vols. ;
Dimensiones 21 cm.
505 8# - NOTA DE CONTENIDO CON FORMATO
Nota de contenido con formato Contiene: T.I.: Economía / director de la serie, Gottfried Frenzel ; [traducido, Gonzalo Gálvez-Freund ; y adaptación de la bibliografía, Alberto Parejo]. -- V.I: Acumulación-ciclos. -- V.II.: Comecon-Contabilidad nacional. -- V.III.: Cooperativas-Economía. -- V.IV.: Economía agraria: estructura de la población activa
650 04 - PUNTO DE ACCESO ADICIONAL DE MATERIA--TÉRMINO DE MATERIA
Término de materia o nombre geográfico como elemento de entrada Marxismo.
9 (RLIN) 14803
650 #7 - PUNTO DE ACCESO ADICIONAL DE MATERIA--TÉRMINO DE MATERIA
Término de materia o nombre geográfico como elemento de entrada Democracia
Fuente del encabezamiento o término embne
9 (RLIN) 11574
700 1# - ENTRADA AGREGADA--NOMBRE PERSONAL
Nombre de persona Frenzel, Gottfried.
9 (RLIN) 52514
700 1# - ENTRADA AGREGADA--NOMBRE PERSONAL
Nombre de persona Gálvez-Freund, Gonzalo.
9 (RLIN) 53720
700 1# - ENTRADA AGREGADA--NOMBRE PERSONAL
Nombre de persona Parejo Gámir, Alberto.
9 (RLIN) 89072
852 ## - LOCALIZACIÓN
Ubicación ES-MaACL
Número de control de estantería P-424
Sublocalización o colección R.95898
Holdings
Estatus retirado Estado de pérdida Estado de daño No para préstamo Colección Biblioteca de origen Biblioteca actual Ubicación en estantería Fecha de adquisición Fuente de adquisición Total de préstamos Signatura topográfica completa Código de barras Visto por última vez Precio de reemplazo Tipo de ítem Koha
        Colección de referencia Biblioteca del Ateneo de Madrid Biblioteca del Ateneo de Madrid Depósito 2 17/01/2008     P-424 1089984 23/02/2023 23/02/2023 Libro impreso